Brown coal /
Saved in:
| Corporate Author: | |
|---|---|
| Format: | Book |
| Language: | English |
| Published: |
Sydney :
Committee for Economic Development of Australia,
1976.
|
| Series: | CEDA energy project position paper ;
no.5 Supplementary paper (Committee for Economic Development of Australia) ; no. 54. |
| Subjects: |
| LEADER | 01315nam a2200337 a 4500 | ||
|---|---|---|---|
| 001 | c000042705 | ||
| 003 | CARM | ||
| 005 | 19881122000000.0 | ||
| 008 | 770930s1976 xnaa 000 0 eng d | ||
| 019 | 1 | |a 1056394 |z 54902239 |5 LACONCORD2021 | |
| 020 | |a 0858010666 : |c unpriced | ||
| 035 | |a (OCoLC)3445718 |5 LACONCORD2021 | ||
| 040 | |a ANB |b eng |c ANB |d AIAC | ||
| 042 | |a anuc | ||
| 043 | |a u-at--- | ||
| 082 | 0 | 4 | |a 333.82/0994 |
| 082 | 0 | 4 | |a 333.822/0994 |2 19 |
| 245 | 0 | 0 | |a Brown coal / |c prepared by a CEDA Research Group. |
| 260 | |a Sydney : |b Committee for Economic Development of Australia, |c 1976. | ||
| 300 | |a iv, 13 p. : |b ill. ; |c 29 cm. | ||
| 440 | 0 | |a CEDA energy project position paper ; |v no.5 | |
| 490 | 0 | |a A CEDA study | |
| 490 | 1 | |a SP ; |v no.54 | |
| 500 | |a Fuel resources: Brown coal. Australia (ANB/PRECIS SIN 0152749) | ||
| 504 | |a Includes bibliographical references. | ||
| 650 | 0 | |a Coal |z Australia. | |
| 710 | 2 | |a Committee for Economic Development of Australia. | |
| 830 | 0 | |a Supplementary paper (Committee for Economic Development of Australia) ; |v no. 54. | |
| 852 | 8 | |b CARM |h A2:AL35C3 |i D02749 |p 0126633 |f BK | |
| 999 | f | f | |i 2bf43066-b659-5db1-b6ba-240730cf7c5a |s e87e79de-9632-566b-b1a2-f35a893d711d |
| 952 | f | f | |p Can circulate |a CAVAL |b CAVAL |c CAVAL |d CARM 1 Store |e D02749 |f A2:AL35C3 |h Other scheme |i book |m 0126633 |